América Central entre la espada y la pared: ¿dónde está el plus en el AdA? /

Este artículo compara los tratados de libre comercio entre Centroamérica y los Estados Unidos, por un lado, y el de Centroamérica y la Unión Europea por el otro. En un primer apartado se analizan los tratados de libre comercio en el contexto de las transformaciones estructurales que ha visto la regi...

Full beskrivning

Sparad:
Bibliografiska uppgifter
Huvudupphovsman: León, Andrés
Övriga upphovsmän: Voorend, Koen
Materialtyp: Text
Ämnen:
Taggar: Lägg till en tagg
Inga taggar, Lägg till första taggen!

MARC

LEADER 00000 a a2200000 04500
001 43547
003
040
100 |a León, Andrés  
245 |a América Central entre la espada y la pared:   |b ¿dónde está el plus en el AdA? /  |c Andrés León ; Koen Voorend  
520 |a Este artículo compara los tratados de libre comercio entre Centroamérica y los Estados Unidos, por un lado, y el de Centroamérica y la Unión Europea por el otro. En un primer apartado se analizan los tratados de libre comercio en el contexto de las transformaciones estructurales que ha visto la región. En un segundo apartado se analizan los impactos del CAFTA en la región, para posterior mente compararlo con el Ada. Se utilizan las experiencias de México y Chile, dos países que ya han firmado acuerdo con UE.  
590 |a RRH/DICIEMBRE2013  
650 |a 1.ACUERDOS INTERNACIONALES  
650 |a 2.COMERCIO INTERNACIONAL  
650 |a 3.INVERSIONES EXTRANJERAS  
650 |a 4.APERTURA COMERCIAL  
650 |a 5.AMERICA LATINA  
650 |a 6.UNION EUROPEA  
700 |a Voorend, Koen  
773 |g páginas 314-332 : gráficos  
999 |c 32144  |d 32144